The information : a history, a theory, a flood
From the invention of scripts and alphabets to the long misunderstood "talking drums" of Africa, James Gleick tells the story of information technologies that changed the very nature of human consciousness. He also provides portraits of the key figures contributing to the inexorable develo...
Đã lưu trong:
| 主要作者: | |
|---|---|
| 格式: | 圖書 |
| 語言: | Undetermined |
| 出版: |
New York
Vintage Books
2011
|
| 主題: | |
| 標簽: |
添加標簽
沒有標簽, 成為第一個標記此記錄!
|
| Thư viện lưu trữ: | Trung tâm Học liệu Trường Đại học Cần Thơ |
|---|
| LEADER | 01032nam a2200229Ia 4500 | ||
|---|---|---|---|
| 001 | CTU_198865 | ||
| 008 | 210402s9999 xx 000 0 und d | ||
| 020 | |c 821000 | ||
| 082 | |a 020.9 | ||
| 082 | |b G556 | ||
| 100 | |a Gleick, James | ||
| 245 | 4 | |a The information : | |
| 245 | 2 | |b a history, a theory, a flood | |
| 245 | 0 | |c James Gleick. | |
| 260 | |a New York | ||
| 260 | |b Vintage Books | ||
| 260 | |c 2011 | ||
| 520 | |a From the invention of scripts and alphabets to the long misunderstood "talking drums" of Africa, James Gleick tells the story of information technologies that changed the very nature of human consciousness. He also provides portraits of the key figures contributing to the inexorable development of our modern understanding of information, including Charles Babbage, Ada Byron, Samuel Morse, Alan Turing, and Claude Shannon | ||
| 650 | |a Information theory,Lí thuyết Thông tin | ||
| 650 | |x History,Lịch sử | ||
| 904 | |i Bằng | ||
| 980 | |a Trung tâm Học liệu Trường Đại học Cần Thơ | ||